Normal view
MARC view
- Estados Unidos
Entry Nombre Geográfico
001 - NÚMERO DE CONTROL
- campo de control: 26322
003 - IDENTIFICADOR DE NUMERO DE CONTROL
- campo de control: UPN
005 - FECHA Y HORA DE LA ÜLTIMA TRANSACCIÓN
- campo de control: 20221111181649.0
008 - DATOS DE LONGITUD FIJA
- campo de control de longitud fija: 221111nn fnannbaba n ana |d
035 ## - NÚMERO DE CONTROL
- Número de control: UPN10000026331
040 ## - FUENTE DE CATALOGACIÓN
- Lenguaje de catalogación: spa
- Agencia de transcripción: MX-MxUPN
- Agencia de catalogación original: MX-MxUPN
151 ## - ENCABEZAMIENTO - NOMBRE GEOGRÁFICO
- Nombre geográfico: Estados Unidos
- Subdivisión general : Condiciones económicas
- Subdivisión de forma: Congresos
670 ## - FUENTE EN LA QUE SE LOCALIZARON DATOS
- Cita de la fuente: LC
- Información localizada: United States - Economic conditions - Congresses
902 ## - CATALOGADOR
- Catalogador: CAA/210218
